MDQL
is popping MORE tags! Check the
thread
!
Quizzes
Events
Quiz Creation
Community
Videos
Private Events
Remove Ads
Sign In
Join for FREE
Feedback
Dark Mode
Quiz Categories
Sports
Geography
Music
Movies
Television
Just For Fun
Miscellaneous
History
Literature
Language
Science
Gaming
Entertainment
Religion
Holiday
For Kids
Quiz Lab
Recent
Popular Today
Quiz Kudos Today
Editor Picks
Curator Picks
Quizzes by...
Day
Popularity
Type
Ratings
Length
Year
Community
Subscriptions
Recent Discussions
Orange Saloon
Badges
Playlists
Quests
Create
Leaderboards
Showdown
Live 5
Trivia Bingo
Activity
Puzzle Library
Sporcle Events
Private Events
Virtual Trivia
Globe League
Become a Host
Pub Owners
SporcleCon
Opinionation
Our Games
Videos
Blog
Mobile Apps
Partnerships
Remove Ads and Go Orange
Feedback
Sports
Athletes
MLB
NBA
NHL
NFL
Soccer
Sports Teams
WWE
NCAA
Football
Premier League
Basketball
Baseball
Hockey
Golf
Tennis
Cricket
Rugby
Auto Racing
Olympics
World Cup
Sports
Athletes
MLB
NBA
NHL
NFL
Soccer
Sports Teams
WWE
NCAA
Football
Premier League
Basketball
Baseball
Hockey
Golf
Tennis
Cricket
Rugby
Auto Racing
Olympics
World Cup
Random Quiz
Search Sporcle
×
Quiz Lab
Quiz Lab
Sports
NFL
Type answers based on single images at one time
Type answers based on single images at one time
Slideshow
Best Score? Go Orange.
Miami Dolphins 50th Anniversary Team Stats
Can you name the members of the Miami Dolphins 50th Anniversary Team?
By
septimus07
8m
50 Questions
76 Plays
76 Plays
76 Plays
Comments
Comments
Give Quiz Kudos
Give Quiz Kudos
-
- Ratings
hide this ad
More Info
Replay
Link that replays current quiz
Next Quiz
Link to next quiz in quiz playlist
You Got
0%
They Got
Avg Score
55%
Avg Friend Score
Upgrade to see
Score Distribution
Jump to the score distribution portion of the page
Score
0/50
Timer
08:00
0
Plays Today
% Correct
Dan Marino
98.7%
Bob Griese
97.4%
Larry Csonka
96.1%
Ricky Williams
90.8%
Mercury Morris
89.5%
Mark Clayton
86.8%
Mark Duper
84.2%
Earl Morrall
82.9%
Jason Taylor
82.9%
Paul Warfield
77.6%
Zach Thomas
75%
Cameron Wake
69.7%
Jim Kiick
65.8%
O.J. McDuffie
64.5%
Mike Pouncey
63.2%
Sam Madison
61.8%
Larry Little
60.5%
Dwight Stephenson
59.2%
Nat Moore
57.9%
Manny Fernandez
57.9%
Reggie Roby
57.9%
Bryan Cox
56.6%
Richmond Webb
55.3%
Jake Scott
55.3%
Garo Yepremian
55.3%
% Correct
Tony Nathan
52.6%
Keith Jackson
52.6%
Brent Grimes
51.3%
Patrick Surtain
50%
Nick Buoniconti
48.7%
Dick Anderson
48.7%
Jim Mandich
46.1%
A.J. Duhe
46.1%
Bob Kuechenberg
43.4%
John Offerdahl
43.4%
Jim Langer
42.1%
Jim Jensen
42.1%
Glenn Blackwood
36.8%
Tim Bowens
35.5%
Keith Sims
34.2%
Bill Stanfill
34.2%
Vern Den Herder
32.9%
Louis Oliver
32.9%
Bruce Hardy
31.6%
Bob Baumhower
30.3%
Kim Bokamper
30.3%
Doug Betters
28.9%
Norm Evans
27.6%
Ed Newman
22.4%
Bob Brudzinski
18.4%
Quiz Playlist
Details
Report
Send in Message
Add To Playlist
More Info:
Can you name the 50 Greatest Dolphins (and members of the 50th Anniversary Team) as chosen by the Dolphins organization itself.
Slideshow:
Type answers based on single images at one time
Quiz Source
Last Updated: Feb 16, 2017
Quiz Scoreboard
CHALLENGE
Sign Up to Join the Scoreboard
Show All
Scores
Hide
Comments
May contain spoilers
Recently Published
1-10 Letter E Words III
by El_Dandy
Language
2m
Street Fighter Characters
by Artimus82
Gaming
60s
College Basketball Coaching Resumes
by pancakes188
Sports
9m
More to Explore
Quiz From the Vault
Featured Blog Post
Where Did the Easter Bunny Come From?
hide this ad
You Might Also Like...
Tags
NFL Quiz
Sports Teams Quiz
50th Anniversary
Miami Dolphins
Miami Sports
Today's Top Quizzes in Sports
Browse Sports
hide this ad
Today's Top Quizzes in NFL
Browse NFL
Top Contributed Quizzes in Sports
1
2022 World Cup Stars
2
Les meilleurs buteurs des matchs entre le PSG et l’OM
3
FIFA Club World Cup Champions
4
Les entraîneurs de l'OM et du PSG au 21e siècle
5
Criteria MLB: Left Handed Sluggers
6
2023 MLB Unique Player Accomplishments
7
AFC Teams Reveal (Wrong Answers Minefield)
8
Players with Multiple 50 Home Run Seasons
9
5-to-1: FBS Animal Nicknames
10
5-to-1: UK Sports Teams
Explore More
Trending Topics
NBA
Anime
Marvel
Harry Potter
Disney
Crossword
Kpop
Pokémon
Soccer
WWE
Puzzle
Song
NFL
Country
The Office
hide this ad
More By:
septimus07
Quiz
Plays
Rating
Category
Featured
Created
Highest Rated Video Games by Year
419
4.57
Gaming
Mar 5, 2016
Miami Heat Playoff Career Top 10
236
5.00
Sports
May 16, 2016
Miami Heat Career Top 10
188
5.00
Sports
Apr 15, 2016
Miami Dolphins MVPs
131
4.50
Sports
Mar 9, 2016
Miami Marlins Career Top 10
121
5.00
Sports
Feb 26, 2016
Go to Creator's Profile
Score Distribution
Quiz Creator Spotlight
septimus07
Follow
Send a Message
Quizzes Created
-
Created Quiz Play Count
-
More By This Creator
Popular Quizzes Today
1
Find the US States - No Outlines Minefield
2
Find the Countries of Europe - No Outlines Minefield
3
The Countries of the World
4
Find the US States
5
Risky Map Clicking: Biggest States A-Z
6
US States
7
Popular People in 1961
8
Movies - When Are They Set?
More Sports Quizzes
'K' European Soccer Teams by Logo
Published
Trending Quizzes
Risky Map Clicking: Least Populous States A-Z
1-10 Letter G Words
USA Borders Longest to Shortest
1-10 Letter F Words
Countries of the World: 200 Million BC
Recently Updated
Leaping Animals
pecheneg
Reality TV Shows (A-Z)
bhenderson79
Rickey Henderson's Hall of Fame Teammates
pecheneg
Champions League XIs: Arsenal
pecheneg
Quick Pick: Celebrities in WWE's Hall of Fame
aduchscher
A-Z Keypad Blitz II
pecheneg
Multiple Oscar Actors
pecheneg
Mystery Phrase Blitz: Oscar 'Best Actors'
pecheneg
F. Scott Fitzgerald Novels
LTH
Pick 3 Villains
ddd62291
Trending Topics
Crossword
Marvel
NBA
Harry Potter
Disney
Anime
Kpop
WWE
NFL
Puzzle
Soccer
Pokémon
The Office
Song
Country
Your Account Isn't Verified!
In order to create a playlist on Sporcle, you need to verify the email address you used during registration. Go to your
Sporcle Settings
to finish the process.
Report this User
Report this user for behavior that violates our
Community Guidelines
.
Details:
Send Report
Go to the Sporcle.com Mobile Site →
Comments